000 00823nam a2200205Ia 4500
003 GCL
008 140319s9999 xx 000 0 ara d
040 _aGCL /
_cGCL
082 0 4 _a338.9
_bا س
100 1 _aالطاهرة السيد محمد حمية
245 1 0 _aسياسات التكيف الاقتصادى المدعمة بالصندوق او من خارجه /
_cالطاهرة السيد محمد حمية
250 _aالاولى
260 _aالامارات :
_bمركز الامارات للدراسات والبحوث الاستراتيجية ،
_c2002
300 _a89 ص ؛
_c20 سم
490 _aدراسات استراتيجية
_v67
650 0 4 _aالتخطيط الاقتصادى
650 0 4 _aالتنمية الاقتصادية
650 0 4 _aالتكيف الاجتماعى
942 _2ddc
_cBK
999 _c4691
_d4691